| 000 | 010940000a22002170004500 | ||
|---|---|---|---|
| 020 | _a0-89283-929-5 | ||
| 041 | 0 | _aEng. | |
| 082 | 0 | 4 | _aG 270.82 N274e |
| 100 | 1 | _aNathan, Rich | |
| 245 | 1 | 0 | _aEmpowered evangelicals : bringing together the best of the evangelical and charismatic worlds / Rich Nathan and Ken Wilson |
| 260 | _aAnn Arbor, Michigan : Vine Books | ||
| 300 | _a276 p. | ||
| 505 | 0 | 0 | _aEvangélicos y carismáticos: hijos del renacimiento -- Poder y dolor -- El sobrenatural y el natural -- ¿Atrevimiento, fatalismo, o fe? -- Quitarles el polvo a los evangelios -- Alabanza y palabra -- Oir la voz de Dios -- Recibir el Espíritu : una vista evangélica empoderada -- Mente y emoción : espacio para los dos -- El futúro de los evangélicos empoderados |
| 520 | _aTrata de las iglesias carismaticas y examina su integración de tradiciones bíblicas y el movimiento carismático. | ||
| 650 | 1 | 4 | _aMOVIMIENTO CARISMATICO |
| 001 | 17622 | ||
| 942 | _cBK | ||
| 999 |
_c44276 _d44276 |
||
| 336 |
_atexto _btxt _2rdacontent |
||
| 337 |
_2rdamedia _asin mediación _bn |
||
| 338 |
_2rdacarrier _avolumen _bnc |
||